Представление документа в формате MARC21

Поле Инд. ПП Название Значение
Тип записи a
Библиографический уровень b
001 Контрольный номер RU/IS/BASE/131104600
005 Дата корректировки 20200526074543.7
084 a Индекс другой классификации/Индекс ББК 65.5
a Индекс другой классификации/Индекс ББК 66.4(4)в6
100 1_ a Автор Якуба В. И.
245 a Заглавие Институциональный баланс власти в Совете Министров расширенного Евросоюза
504 a Библиография Лит. в конце статьи
520 a Аннотация "Исследуются изменения институционального баланса власти в Совете Министров Евросоюза в связи с будущим принятием в Союз 12 стран-кандидатов. Анализируются изменения, внесенные в правила принятия решения в Совете Министров расширенного Евросоюза. Для оценки баланса власти используется индекс Банцафа, скорректированный для правил принятия решений, установленных на встрече стран-участниц Евросоюза в Ницце в декабре 2000."
650 a Основная рубрика внешняя политика
a Основная рубрика мировая экономика
a Основная рубрика политика
a Основная рубрика экономика
653 a Ключевые слова власть
a Ключевые слова глобализация экономики
a Ключевые слова голосование
a Ключевые слова Европейский союз (ЕС)
a Ключевые слова индекс Банцафа
a Ключевые слова индекс власти
a Ключевые слова институциональный баланс власти
a Ключевые слова политическая власть
a Ключевые слова политическое влияние
a Ключевые слова правила принятия решений
a Ключевые слова правило квалифицированного большинства
a Ключевые слова правило простого большинства
a Ключевые слова принятие решений
a Ключевые слова распределение власти
a Ключевые слова расширение Европейского союза
a Ключевые слова Совет министров ЕС
a Ключевые слова экономическая интеграция
773 t Заглавие источника Экономический журнал ВШЭ
d Дата издания источника 2003
g Прочая информация Т. 7, № 4. - С. 513 - 523 : табл.
w Контрольный № источника RU/IS/BASE/129821212
901 t Тип документа b